Crónica de una guerra de Oriente : (Registro nro. 42839)
[ vista simple ]
| 000 -CABECERA | |
|---|---|
| campo de control de longitud fija | 00894nam a2200217 a 4500 |
| 001 - NÚMERO DE CONTROL | |
| campo de control | 000043350 |
| 005 - FECHA Y HORA DE LA ÚLTIMA TRANSACCIÓN | |
| campo de control | 20201002040833.0 |
| 008 - DATOS DE LONGITUD FIJA--INFORMACIÓN GENERAL | |
| campo de control de longitud fija | 140310s2002 sp 000 0 spa d |
| 020 ## - NÚMERO INTERNACIONAL ESTÁNDAR DEL LIBRO | |
| Número Internacional Estándar del Libro | 8483074699 |
| 040 ## - FUENTE DE LA CATALOGACIÓN | |
| Centro catalogador/agencia de origen | DO-SdBNP |
| Lengua de catalogación | spa |
| Centro/agencia transcriptor | BNPHU |
| 100 1# - ENTRADA PRINCIPAL--NOMBRE DE PERSONA | |
| Nombre de persona | Kepel, Gilles |
| 9 (RLIN) | 70992 |
| 240 10 - TÍTULO UNIFORME | |
| Título uniforme | Chronique d´une guerre d´oriente (automme 2001) suivi de Bréve Chronique d´Israël et de Palestine (avril-mai 2001) |
| 245 10 - MENCIÓN DE TÍTULO | |
| Título | Crónica de una guerra de Oriente : |
| Resto del título | (otoño de 2001); seguido de Breve crónica de Israel y Palestina (abril-mayo de 2001) / |
| Mención de responsabilidad, etc. | Gilles Kepel; traducción de Marga Latorre. |
| 260 ## - PUBLICACIÓN, DISTRIBUCIÓN, ETC. | |
| Lugar de publicación, distribución, etc. | Barcelona, : |
| Nombre del editor, distribuidor, etc. | Península, |
| Fecha de publicación, distribución, etc. | 2002. |
| 300 ## - DESCRIPCIÓN FÍSICA | |
| Extensión | 109 p. ; |
| Dimensiones | 23 cm. |
| 490 1# - MENCIÓN DE SERIE | |
| Mención de serie | Atalaya |
| Designación de volumen o secuencia | 101 |
| 700 12 - PUNTO DE ACCESO ADICIONAL--NOMBRE DE PERSONA | |
| Nombre de persona | Latorre, Marga |
| Término indicativo de función/relación | trad. |
| 9 (RLIN) | 70993 |
| 700 12 - PUNTO DE ACCESO ADICIONAL--NOMBRE DE PERSONA | |
| Nombre de persona | Latorre, Marga |
| Término indicativo de función/relación | trad. |
| 9 (RLIN) | 70993 |
| 740 0# - PUNTO DE ACCESO ADICIONAL--TÍTULO RELACIONADO O ANALÍTICO NO CONTROLADO | |
| Título relacionado o analítico no controlado | Breve crónica de Israel y Palestina (abril-mayo de 2001) |
| 830 #0 - PUNTO DE ACCESO ADICIONAL DE SERIE-TÍTULO UNIFORME | |
| Título uniforme | Atalaya |
| Número de parte o sección de la obra | 101 |
| 9 (RLIN) | 70994 |
| Estado de retiro | Estado de pérdida | Restricciones de uso | No para préstamo | Código de colección | Localización permanente | Ubicación/localización actual | Ubicación en estantería | Fecha de adquisición | Número de inventario | Total de préstamos | Signatura topográfica completa | Código de barras | Fecha visto por última vez | Precio válido a partir de | Tipo de ítem Koha |
|---|---|---|---|---|---|---|---|---|---|---|---|---|---|---|---|
| Excluido de préstamo | Monografías: Libros y Folletos | General | General | En catalogación | 10.03.2014 | LF1 | 43350-10 | 25.06.2020 | 25.06.2020 | No se presta |
